书目信息 |
| 题名: |
您也能当家庭医生
|
|
| 作者: | 姜继传 , 施伟伟 主编 | |
| 分册: | ||
| 出版信息: | 北京 人民军医出版社 2006 |
|
| 页数: | 12,207页 | |
| 开本: | 21cm | |
| 丛书名: | ||
| 单 册: | ||
| 中图分类: | R44 | |
| 科图分类: | ||
| 主题词: | 家庭医学--基本知识 , 家庭医学 , 诊断学 | |
| 电子资源: | ||
| ISBN: | 7-80194-899-8 | |
| 000 | 00898nam0 2200253 450 | |
| 001 | 003085888 | |
| 005 | 20061115160414.39 | |
| 010 | @a7-80194-899-8@dCNY19.00 | |
| 100 | @a20060104d2006 em y0chiy0110 ea | |
| 101 | 0 | @achi |
| 102 | @aCN@b110000 | |
| 105 | @aac z 000yy | |
| 200 | 1 | @a您也能当家庭医生@9nin ye neng dang jia ting yi sheng@f姜继传,施伟伟主编 |
| 210 | @a北京@c人民军医出版社@d2006 | |
| 215 | @a12,207页@c肖像,照片@d21cm | |
| 330 | @a本书介绍了健康小常识、人体结构与功能、家庭常用的基本健康检测方法、察颜观色辨疾病、简便验方治小病、家庭急救、常见疾病的诊断和救治、家庭护理、家庭用药知识、常见临床化验单怎样识读等知识。 | |
| 606 | 0 | @a家庭医学@x基本知识 |
| 606 | 0 | @a家庭医学 |
| 606 | 0 | @a诊断学 |
| 690 | @aR44@v4 | |
| 701 | 0 | @a姜继传@9jiang ji chuan@c(医学)@4主编 |
| 701 | 0 | @a施伟伟@9shi wei wei@c(医学)@4主编 |
| 801 | 0 | @aCN@bNLC@c20061115 |
| 905 | @a10447@dR44@e47 | |
| 您也能当家庭医生/姜继传,施伟伟主编.-北京:人民军医出版社,2006 |
| 12,207页:肖像,照片;21cm |
| ISBN 7-80194-899-8:CNY19.00 |
| 本书介绍了健康小常识、人体结构与功能、家庭常用的基本健康检测方法、察颜观色辨疾病、简便验方治小病、家庭急救、常见疾病的诊断和救治、家庭护理、家庭用药知识、常见临床化验单怎样识读等知识。 |
| ● |
| 相关链接 |
|
|
|
|
正题名:您也能当家庭医生
索取号:R44/47
 
预约/预借
| 序号 | 登录号 | 条形码 | 馆藏地/架位号 | 状态 | 备注 |
| 1 | 0391725 | 203917253 | 第二样本阅览室/ [索取号:R44/47] | 在馆 | |
| 2 | 0391726 | 203917262 | 第三借阅区/ [索取号:R44/47] | 在馆 | |
| 3 | 0391727 | 203917271 | 教育系资料室/ [索取号:R44/47] | 在馆 | |
| 4 | 0391728 | 203917280 | 教育系资料室/ [索取号:R44/47] | 在馆 | |
| 5 | 0391729 | 203917299 | 第三借阅区/ [索取号:R44/47] | 在馆 |